Problemi E Maestri Del Pensiero E Della Educazione Vol.1

Guardat en:
Dades bibliogràfiques
Autor principal: Aldo Agazzi
Format: Llibre
Idioma:idioma desconegut
Publicat: La Scuola Editrice Brescia
Etiquetes: Afegir etiqueta
Sense etiquetes, Sigues el primer a etiquetar aquest registre!

MARC

LEADER 00000nam a2200000Ia 4500
001 R-1393
003 CODICE-MESSINA
005 20260212102507.0
008 260211s9999 xx 000 0 und d
040 |c importazione_messina 
100 |a Aldo Agazzi 
245 0 |a Problemi E Maestri Del Pensiero E Della Educazione 
245 0 |b Vol.1 
260 |b La Scuola Editrice Brescia 
942 |2 ddc  |c BK 
952 |0 0  |1 0  |2 ddc  |4 0  |6 SCAFFALE_13_000000000000000__LETTERATURA  |7 0  |9 32229  |a ME  |b ME  |d 2026-02-11  |l 0  |o SCAFFALE 13 - LETTERATURA  |p R-1393  |r 2026-02-11 23:53:03  |w 2026-02-11  |x [REVISIONARE]  |y BK 
999 |c 27896  |d 27896